| 000 | 00763nab a2200241u 4500 | ||
|---|---|---|---|
| 001 | 10530 | ||
| 003 | HDC | ||
| 007 | c| |||a|c|aaaa | ||
| 008 | 210204b99999999my ||||o |||| 00| 0 eng d | ||
| 040 | _aHDC | ||
| 245 | 0 | _aSkin problem leads to business success | |
| 336 |
_atext _2rdacontent |
||
| 337 |
_acomputer _2rdamedia |
||
| 338 |
_aonline resource _2rdacarrier |
||
| 650 |
_aAnita Fragrance and Body Care _910827 |
||
| 650 |
_abeauty business _910828 |
||
| 650 |
_abeauty products _98821 |
||
| 710 | _aDaily Express | ||
| 856 | _zRequest full-text at [email protected] | ||
| 942 | _2lcc | ||
| 942 | _cNEWS | ||
| 942 | _kNWS0 000828 | ||
| 999 |
_c7853 _d7853 |
||